ბათუმის შოთა რუსთაველის სახელმწიფო უნივერსიტეტის ბიბლიოთეკა

მიწა და ადმიანები (ბიბ.ჩანაწერი № 48425)

000 -LEADER
fixed length control field 00836nam a2200229Ia 4500
001 - CONTROL NUMBER
control field 15317
003 - CONTROL NUMBER IDENTIFIER
control field GE_BSU
008 - FIXED-LENGTH DATA ELEMENTS--GENERAL INFORMATION
fixed length control field 181216s||||||||xx |||||||||||||| ||und||
040 ## - CATALOGING SOURCE
Transcribing agency GE_BSU
080 ## - UNIVERSAL DECIMAL CLASSIFICATION NUMBER
Universal Decimal Classification number 821.353.1-4
100 ## - MAIN ENTRY--PERSONAL NAME
Personal name შატბერაშვილი,ბორის
245 ## - TITLE STATEMENT
Title მიწა და ადმიანები
245 ## - TITLE STATEMENT
Remainder of title მხატვრული ნარკვევები
245 ## - TITLE STATEMENT
Statement of responsibility, etc. რედ.გ.ბერძენიშვილი. მხატვ.ლ.ბურდული
260 ## - PUBLICATION, DISTRIBUTION, ETC.
Place of publication, distribution, etc. თბილისი
260 ## - PUBLICATION, DISTRIBUTION, ETC.
Name of publisher, distributor, etc. საბჭოთა საქართველო
260 ## - PUBLICATION, DISTRIBUTION, ETC.
Date of publication, distribution, etc. 1975
300 ## - PHYSICAL DESCRIPTION
Extent 127გვ.20სმ.
653 ## - INDEX TERM--UNCONTROLLED
Uncontrolled term მიწა და ადმიანები
653 ## - INDEX TERM--UNCONTROLLED
Uncontrolled term მხატვრული ნარკვევები
942 ## - ADDED ENTRY ELEMENTS (KOHA)
Koha item type წიგნი
ეგზემპლარები
Withdrawn status Lost status Damaged status Not for loan Date acquired Barcode Date last seen Price effective from Koha item type
        2018-12-17 37976 2018-12-17 2018-12-17 წიგნი